[Event "Chigorin Memorial 13th"]
[Site "St Petersburg"]
[Date "2005.10.23"]
[Round "9"]
[White "Pugach, Vadim"]
[Black "Kazantsev, Alexander"]
[Result "1-0"]
[WhiteElo "2142"]
[BlackElo "2021"]
[PlyCount "123"]
[EventDate "2005.10.15"]
[EventType "swiss"]
[EventRounds "9"]
[EventCountry "RUS"]
[SourceTitle "CBM 108 Extra"]
[Source "ChessBase"]
[SourceDate "2005.11.04"]
[SourceVersion "1"]
[SourceVersionDate "2005.11.04"]
[SourceQuality "1"]

1. e4 e5 2. Nf3 Nc6 3. Bb5 a6 4. Ba4 Nf6 5. Qe2 Be7 6. c3 b5 7. Bc2 0-0 8. 0-0 Re8 9. d3 d5 10. h3 d4 11. Kh2 dxc3 12. Nxc3 Nd4 13. Nxd4 exd4 14. Nd1 Bd6+ 15. Kh1 h6 16. f4 Bb7 17. Nf2 Nd5 18. Qf3 Nb4 19. Bb3 c5 20. f5 Qc7 21. Ng4 c4 22. Nxh6+ gxh6 23. Qg4+ Kh7 24. Bxh6 f6 25. Qg6+ Kh8 26. Qxf6+ Kh7 27. Qg6+ Kh8 28. f6 Rg8 29. Bg7+ Rxg7 30. fxg7+ Qxg7 31. Qxd6 Rg8 32. g4 Nxd3 33. Bc2 Bxe4+ 34. Kh2 Re8 35. Rf6 Bh7 36. Bxd3 Bxd3 37. Raf1 Bxf1 38. Rh6+ Kg8 39. Rg6 Re2+ 40. Kg1 Bxh3 41. Qd8+ Kh7 42. Rxg7+ Kxg7 43. Qg5+ Kf8 44. Qh6+ Ke7 45. Qxh3 d3 46. Qh7+ Kd6 47. Qh6+ Kc5 48. Qf8+ Kd5 49. Kf1 Rc2 50. Ke1 Kd4 51. Qf4+ Kc5 52. a3 Kb6 53. Qf6+ Ka5 54. g5 b4 55. axb4+ Kxb4 56. Qb6+ Ka4 57. g6 a5 58. g7 Rc1+ 59. Kd2 c3+ 60. bxc3 Rc2+ 61. Kxd3 Rxc3+ 62. Kxc3 1-0

[Event "Chigorin Memorial 13th"]
[Site "St Petersburg"]
[Date "2005.10.19"]
[Round "5"]
[White "Pugach, Vadim"]
[Black "Kuznetsova, Tatiana"]
[Result "1-0"]
[WhiteElo "2142"]
[BlackElo "2030"]
[PlyCount "111"]
[EventDate "2005.10.15"]
[EventType "swiss"]
[EventRounds "9"]
[EventCountry "RUS"]
[SourceTitle "CBM 108 Extra"]
[Source "ChessBase"]
[SourceDate "2005.11.04"]
[SourceVersion "1"]
[SourceVersionDate "2005.11.04"]
[SourceQuality "1"]

1. e4 c5 2. Nc3 Nc6 3. f4 g6 4. g3 Bg7 5. Bg2 d6 6. Nge2 e6 7. 0-0 Nge7 8. d3 a6 9. a4 Rb8 10. Be3 Nd4 11. Bf2 Qc7 12. g4 b5 13. Nxd4 cxd4 14. Ne2 Nc6 15. axb5 Rxb5 16. b3 h5 17. h3 Bb7 18. Ra4 e5 19. f5 gxf5 20. exf5 hxg4 21. hxg4 Nb4 22. Ng3 Bxg2 23. Kxg2 Nd5 24. Nh5 Qb7 25. Kg3 Nf4 26. Rg1 Bh6 27. Nf6+ Ke7 28. Ne4 f6 29. Rh1 Nd5 30. g5 fxg5 31. Rxh6 Rxh6 32. Qg4 Kf8 33. Nxg5 Nf4 34. Qf3 Qxf3+ 35. Kxf3 Rb6 36. Bxd4 Rc6 37. Be3 Rh2 38. Bxf4 exf4 39. c4 Rb2 40. Ne6+ Ke7 41. Kxf4 Kf6 42. Ke4 Rb6 43. Nd4 Rb1 44. Nc2 R1xb3 45. Ne3 Kg5 46. Nd5 Rc6 47. Ra2 Rb8 48. Rg2+ Kh6 49. Kf4 Rf8 50. f6 Rc5 51. Kf5 Kh7 52. Ke6 Ra5 53. Ke7 Rb8 54. f7 Rb7+ 55. Ke6 Rb8 56. Kf6 1-0

[Event "Chigorin Memorial 13th"]
[Site "St Petersburg"]
[Date "2005.10.17"]
[Round "3"]
[White "Potyavin, Igor"]
[Black "Pugach, Vadim"]
[Result "1-0"]
[WhiteElo "2048"]
[BlackElo "2142"]
[PlyCount "97"]
[EventDate "2005.10.15"]
[EventType "swiss"]
[EventRounds "9"]
[EventCountry "RUS"]
[SourceTitle "CBM 108 Extra"]
[Source "ChessBase"]
[SourceDate "2005.11.04"]
[SourceVersion "1"]
[SourceVersionDate "2005.11.04"]
[SourceQuality "1"]

1. d4 Nf6 2. c4 g6 3. Nc3 Bg7 4. e4 d6 5. f3 Nbd7 6. Be3 c6 7. Qd2 h6 8. 0-0-0 Qc7 9. g4 a6 10. Kb1 b5 11. Bd3 b4 12. Na4 Qa5 13. Bc2 Rb8 14. h3 Nf8 15. e5 N6d7 16. exd6 e5 17. f4 exf4 18. Bxf4 Ne6 19. Re1 Kd8 20. Be3 c5 21. Nf3 Bb7 22. d5 Bc3 23. bxc3 bxc3 24. Qxc3 Qxc3 25. Nxc3 Bxd5+ 26. Kc1 Bxf3 27. Rhf1 Bg2 28. Rxf7 Ne5 29. Re7 Nf3 30. Re2 Bxh3 31. Rxe6 Bxg4 32. Re7 Nd4 33. Bxd4 cxd4 34. Rg2 Bf3 35. Rf2 Bc6 36. Ne2 Rc8 37. Nxd4 Bd7 38. Rff7 Bg4 39. Bd3 h5 40. Be2 Bh3 41. Bf1 Bg4 42. Be2 Bh3 43. Kd2 h4 44. Bf3 Rxc4 45. Nc6+ Rxc6 46. Bxc6 Bg4 47. Ra7 h3 48. Ra8+ Bc8 49. Rd7+ 1-0